000 00479nab a2200145Ia 4500
003 ES-SlBCS
005 20210601125226.0
008 140529s1970 xxu||||| |||| 00| 0 eng d
041 _aeng
100 1 _aHodges, Donald Clark
_9155534
245 0 4 _aThe Provisional Ethic of the First International
_c Donald Clark Hodges
650 0 4 _aPrimera Internacional-Marx
_9155615
773 0 _tPhilosophy and Phenomenological Research
_gvol. 30, 1970, págs. 394-402
_wRev1411
942 _cAR
999 _c526806
_d526806